<?xml version="1.0" encoding="UTF-8"?><?xml-stylesheet type="text/xsl" href="static/style.xsl"?><OAI-PMH xmlns="http://www.openarchives.org/OAI/2.0/" xmlns:xsi="http://www.w3.org/2001/XMLSchema-instance" xsi:schemaLocation="http://www.openarchives.org/OAI/2.0/ http://www.openarchives.org/OAI/2.0/OAI-PMH.xsd"><responseDate>2026-04-28T21:22:39Z</responseDate><request verb="GetRecord" identifier="oai:uvadoc.uva.es:10324/48809" metadataPrefix="marc">https://uvadoc.uva.es/oai/request</request><GetRecord><record><header><identifier>oai:uvadoc.uva.es:10324/48809</identifier><datestamp>2021-09-26T18:31:41Z</datestamp><setSpec>com_10324_1156</setSpec><setSpec>com_10324_931</setSpec><setSpec>com_10324_894</setSpec><setSpec>col_10324_1294</setSpec></header><metadata><record xmlns="http://www.loc.gov/MARC21/slim" xmlns:doc="http://www.lyncode.com/xoai" xmlns:xsi="http://www.w3.org/2001/XMLSchema-instance" xmlns:dcterms="http://purl.org/dc/terms/" xsi:schemaLocation="http://www.loc.gov/MARC21/slim http://www.loc.gov/standards/marcxml/schema/MARC21slim.xsd">
<leader>00925njm 22002777a 4500</leader>
<datafield tag="042" ind1=" " ind2=" ">
<subfield code="a">dc</subfield>
</datafield>
<datafield tag="720" ind1=" " ind2=" ">
<subfield code="a">Möller Recondo, Claudia Marcela</subfield>
<subfield code="e">author</subfield>
</datafield>
<datafield tag="260" ind1=" " ind2=" ">
<subfield code="c">2001</subfield>
</datafield>
<datafield tag="520" ind1=" " ind2=" ">
<subfield code="a">El objetivo general del presente trabajo se encamina a realizar una lectura de Foucault en clave histórica a través de unos de los historiadores que en la actualidad lo retoma, analizando y reelaborando muchas de las categorías implementadas, intentando rescatar lo que considera aplicable a partir de la crítica y nueva propuesta de dichas categorías de análisis. El historiador al que me refiero es Roger Chartier.</subfield>
</datafield>
<datafield tag="024" ind2=" " ind1="8">
<subfield code="a">Tiempos modernos: Revista Electrónica de Historia Moderna, Vol. 2, Nº. 3, 2001, 12 pp.</subfield>
</datafield>
<datafield tag="024" ind2=" " ind1="8">
<subfield code="a">1699-7778</subfield>
</datafield>
<datafield tag="024" ind2=" " ind1="8">
<subfield code="a">https://uvadoc.uva.es/handle/10324/48809</subfield>
</datafield>
<datafield tag="024" ind2=" " ind1="8">
<subfield code="a">1</subfield>
</datafield>
<datafield tag="024" ind2=" " ind1="8">
<subfield code="a">3</subfield>
</datafield>
<datafield tag="024" ind2=" " ind1="8">
<subfield code="a">12</subfield>
</datafield>
<datafield tag="024" ind2=" " ind1="8">
<subfield code="a">Tiempos modernos: Revista Electrónica de Historia Moderna</subfield>
</datafield>
<datafield tag="024" ind2=" " ind1="8">
<subfield code="a">2</subfield>
</datafield>
<datafield ind1=" " ind2=" " tag="653">
<subfield code="a">Foucault, Michel (1926-1984) - Crítica e interpretación</subfield>
</datafield>
<datafield ind1=" " ind2=" " tag="653">
<subfield code="a">Historiadores</subfield>
</datafield>
<datafield ind1=" " ind2=" " tag="653">
<subfield code="a">Crítica - Historia - Siglo XX</subfield>
</datafield>
<datafield ind1=" " ind2=" " tag="653">
<subfield code="a">Cultura - Historia</subfield>
</datafield>
<datafield tag="245" ind1="0" ind2="0">
<subfield code="a">Entre Foucault y Chartier: hacia la construcción del concepto de apropiación</subfield>
</datafield>
</record></metadata></record></GetRecord></OAI-PMH>